000 00332nam a2200109Ia 4500
008 171211s9999 xx 000 0 und d
245 _aEncyclopedia of World Biography: 2006 Supplement
245 _cThomson Gale
260 _c2006
650 _xEncyclopedia and Dictionary
856 _uhttp://down.ebook777.com/056/9781414400976.pdf
999 _c350193
_d350193